000 00994nam0a22002531 4500
001 rc\444119
005 20030616171313.4
010 _a5-295-00151-2
_9100000
035 _a(NLR Aleph) 005689773
090 _a7163282
_c7163282
100 _a20030616d1988 u |0rusy50 ca
101 0 _arus
102 _aRU
105 _aa |||||||||
200 1 _aСиндбад-Мореход
_e[Из араб. нар. сказок "Тысяча и одна ночь"
_eДля ст. и сред. шк. возраста
_fПересказал с араб. М. Салье
_gСост. Н. Грахов
_gХудож. А. Дианов
210 _aУфа
_cБашкирское кн. изд-во
_d1988
215 _a143 с.
_cцв. ил.
_d27
702 1 _aГрахов
_bН. Л.
_gНиколай Леонидович
_4220
702 1 _aСалье
_bМ. А.
_gМихаил Александрович
_4570
801 0 _aRU
_bNLR
_gpsbo
801 1 _aRU
_bELAR
_2rusmarc
852 _aNLR
_j89-7/19
942 _cBOOK
980 _aNB